MLB Players to have Hit for the Cycle - Statistics

General Stats
  • This quiz has been taken 77 times
    16 since last reset
  • The average score is 45 of 346
Answer Stats
Team Date Name % Correct
Milwaukee Brewers August 29, 2018 Christian Yelich
71%
Milwaukee Brewers September 17, 2018 Christian Yelich
71%
Milwaukee Brewers May 11, 2022 Christian Yelich
71%
Cincinnati Reds June 23, 2023 Elly De La Cruz
71%
Houston Astros August 28, 2023 Jose Altuve
71%
Seattle Mariners June 5, 1997 Alex Rodriguez
64%
Houston Astros April 8, 2002 Craig Biggio
64%
Boston Red Sox July 6, 1944 Bob Johnson
57%
Toronto Blue Jays September 17, 2019 Cavan Biggio
57%
Pittsburg Pirates July 3, 1910 Chief Wilson
57%
Chicago Cubs June 23, 1930 Hack Wilson
57%
Arizona Diamondbacks July 23, 2010 Kelly Johnson
57%
New York Yankees July 23, 1957 Mickey Mantle
57%
Los Angeles Angels of Anaheim May 21, 2013 Mike Trout
57%
Colorado Rockies June 18, 2017 Nolan Arenado
57%
St. Louis Cardinals July 1, 2022 Nolan Arenado
57%
St. Louis Cardinals July 24, 1949 Stan Musial
57%
Brooklyn Robins May 18, 1931 Babe Ruth
50%
Brooklyn Robins July 24, 1931 Babe Ruth
50%
Chicago Cubs September 30, 1933 Babe Ruth
50%
Chicago Cubs July 17, 1966 Billy Williams
50%
Philadelphia Phillies August 5, 1927 Cy Williams
50%
Philadelphia Phillies June 28, 2004 David Bell
50%
Pittsburgh Pirates June 4, 1951 Gus Bell
50%
New York Yankees June 25, 1934 Lou Gehrig
50%
New York Yankees August 1, 1937 Lou Gehrig
50%
Boston Red Sox August 9, 2018 Mookie Betts
50%
Boston Red Sox July 21, 1946 Ted Williams
50%
Baltimore Orioles May 15, 1960 Brooks Robinson
43%
Boston Red Sox June 21, 1903 Buck Freeman
43%
Colorado Rockies July 31, 2010 Carlos González
43%
Baltimore Orioles May 12, 2023 Cedric Mullins
43%
Cincinnati Reds May 2, 1959 Frank Robinson
43%
Atlanta Braves August 19, 2021 Freddie Freeman
43%
Atlanta Braves June 15, 2016 Freddie Freeman
43%
Brooklyn Dodgers August 29, 1948 Jackie Robinson
43%
Houston Astros July 18, 2001 Jeff Bagwell
43%
New York Yankees July 9, 1937 Joe DiMaggio
43%
New York Yankees May 20, 1948 Joe DiMaggio
43%
Arizona Diamondbacks July 5, 2000 Luis Gonzalez
43%
New York Yankees August 2, 2009 Melky Cabrera
43%
Washington Nationals April 25, 2017 Trea Turner
43%
Washington Nationals July 23, 2019 Trea Turner
43%
Washington Nationals June 30, 2021 Trea Turner
43%
St. Louis Cardinals August 14, 1960 Bill White
36%
Baltimore Orioles May 6, 1984 Cal Ripken, Jr.
36%
Colorado Rockies June 10, 1998 Dante Bichette
36%
Brooklyn Dodgers September 2, 1944 Dixie Walker
36%
Kansas City Royals September 26, 1979 Frank White
36%
Kansas City Royals August 3, 1982 Frank White
36%
Detroit Tigers April 20, 1937 Gee Walker
36%
Kansas City Royals May 28, 1979 George Brett
36%
Kansas City Royals July 25, 1990 George Brett
36%
Philadelphia Athletics June 16, 1885 Henry Larkin
36%
Pittsburgh Pirates August 22, 1912 Honus Wagner
36%
Philadelphia Phillies June 12, 2023 J.T. Realmuto
36%
Montreal Expos June 11, 1995 Rondell White
36%
Los Angeles Angels June 13, 2019 Shohei Ohtani
36%
Houston Astros July 22, 2024 Yordan Alvarez
36%
Boston Red Sox May 14, 1965 Carl Yastrzemski
29%
California Angels June 24, 1991 Dave Winfield
29%
New York Mets July 4, 1985 Keith Hernandez
29%
St. Louis Cardinals May 5, 1933 Pepper Martin
29%
Milwaukee Brewers June 12, 1988 Robin Yount
29%
Montreal Expos August 16, 1987 Tim Raines
29%
Colorado Rockies June 19, 1999 Todd Helton
29%
Montreal Expos September 14, 2003 Vladimir Guerrero
29%
Seattle Mariners September 1, 2008 Adrián Beltré
21%
Texas Rangers August 24, 2012 Adrián Beltré
21%
Texas Rangers August 3, 2015 Adrián Beltré
21%
Chicago Cubs April 29, 1987 Andre Dawson
21%
Colorado Rockies September 30, 2018 Charlie Blackmon
21%
Los Angeles Dodgers July 15, 2017 Cody Bellinger
21%
Philadelphia Athletics August 25, 1910 Danny Murphy
21%
Tampa Bay Rays August 1, 2017 Evan Longoria
21%
Philadelphia Athletics August 14, 1933 Jimmie Foxx
21%
Washington Senators September 2, 1929 Joe Cronin
21%
Boston Red Sox August 2, 1940 Joe Cronin
21%
Cincinnati Reds September 12, 1883 John Reilly
21%
Cincinnati Reds September 19, 1883 John Reilly
21%
Cincinnati Reds August 6, 1890 John Reilly
21%
Minnesota Twins April 5, 2019 Jorge Polanco
21%
Chicago White Sox September 9, 2017 Jose Abreu
21%
Minnesota Twins August 1, 1986 Kirby Puckett
21%
Miami Marlins April 11, 2023 Luis Arraez
21%
New York Giants May 16, 1929 Mel Ott
21%
Milwaukee Brewers May 15, 1991 Paul Molitor
21%
Minnesota Twins May 20, 1970 Rod Carew
21%
Boston Red Sox June 9, 1912 Tris Speaker
21%
Colorado Rockies August 10, 2009 Troy Tulowitzki
21%
Arizona Diamondbacks June 18, 2012 Aaron Hill
14%
Arizona Diamondbacks June 29, 2012 Aaron Hill
14%
Atlanta Braves September 23, 1987 Albert Hall
14%
Pittsburgh Pirates July 19, 1939 Arky Vaughan
14%
Boston Red Sox October 8, 2018 Brock Holt
14%
Boston Red Sox June 16, 2015 Brock Holt
14%
New York Yankees July 19, 1940 Buddy Rosar
14%
Chicago White Sox May 16, 1984 Carlton Fisk
14%
Pittsburgh Pirates May 26, 2004 Daryle Ward
14%
San Francisco Giants April 16, 1972 Dave Kingman
14%
Atlanta Braves September 19, 2021 Eddie Rosario
14%
Philadelphia Athletics July 3, 1911 Frank Baker
14%
Texas Rangers September 13, 2006 Gary Matthews, Jr.
14%
Minnesota Twins September 18, 1980 Gary Ward
14%
Detroit Tigers June 2, 1950 George Kell
14%
Boston Beaneaters May 9, 1896 Herman Long
14%
Detroit Tigers September 7, 1950 Hoot Evers
14%
San Diego Padres July 16, 2021 Jake Cronenworth
14%
Los Angeles Angels June 11, 2022 Jared Walsh
14%
Seattle Mariners June 23, 1993 Jay Buhner
14%
Washington Senators May 26, 1964 Jim King
14%
Chicago Cubs May 9, 1993 Mark Grace
14%
Oakland Athletics September 29, 2001 Miguel Tejada
14%
Pittsburgh Pirates June 25, 1950 Ralph Kiner
14%
San Francisco Giants April 22, 1991 Robby Thompson
14%
Philadelphia Phillies August 17, 1894 Sam Thompson
14%
Los Angeles Dodgers May 7, 1970 Wes Parker
14%
Pittsburgh Pirates July 22, 1964 Willie Stargell
14%
Texas Rangers June 30, 2024 Wyatt Langford
14%
Pittsburgh Pirates June 24, 1933 Arky Vaughan
7%
Baltimore Orioles June 29, 2007 Aubrey Huff
7%
Baltimore Orioles June 22, 2022 Austin Hays
7%
Cleveland Indians September 24, 1903 Bill Bradley
7%
Boston Doves October 6, 1910 Bill Collins
7%
New York Giants May 29, 1928 Bill Terry
7%
Pittsburgh Pirates July 15, 1945 Bob Elliott
7%
New York Yankees May 7, 1921 Bob Meusel
7%
New York Yankees July 3, 1922 Bob Meusel
7%
New York Yankees July 26, 1928 Bob Meusel
7%
Houston Astros June 24, 1977 Bob Watson
7%
Boston Red Sox September 15, 1979 Bob Watson
7%
Houston Astros July 19, 2013 Brandon Barnes
7%
Minnesota Twins May 7, 2008 Carlos Gómez
7%
Texas Rangers April 29, 2017 Carlos Gomez
7%
Detroit Tigers May 27, 1939 Charlie Gehringer
7%
Milwaukee Brewers October 1, 1980 Charlie Moore
7%
Chicago White Sox July 6, 1999 Chris Singleton
7%
Philadelphia Phillies July 1, 1931 Chuck Klein
7%
Philadelphia Phillies May 26, 1933 Chuck Klein
7%
Detroit Tigers June 8, 2001 Damion Easley
7%
Pittsburgh Pirates August 30, 1921 Dave Robertson
7%
Boston Red Sox June 28, 1984 Dwight Evans
7%
New York Mets June 6, 2022 Eduardo Escobar
7%
Oakland Athletics June 21, 2000 Eric Chavez
7%
Cincinnati Reds June 2, 1989 Eric Davis
7%
Louisville Colonels August 12, 1890 Farmer Weaver
7%
Baltimore Orioles August 14, 2009 Félix Pie
7%
Pittsburgh Alleghenys May 2, 1887 Fred Carroll
7%
Pittsburg Pirates July 23, 1901 Fred Clarke
7%
Pittsburg Pirates May 7, 1903 Fred Clarke
7%
San Francisco Giants May 13, 2007 Fred Lewis
7%
Boston Red Sox May 13, 1980 Fred Lynn
7%
Detroit Wolverines June 13, 1885 George Wood
7%
Philadelphia Athletics July 10, 1901 Harry Davis
7%
Texas Rangers April 15, 2009 Ian Kinsler
7%
Pittsburgh Pirates May 19, 2000 Jason Kendall
7%
San Francisco Giants May 3, 1999 Jeff Kent
7%
San Francisco Giants June 27, 1985 Jeffrey Leonard
7%
San Francisco Giants July 8, 1970 Jim Ray Hart
7%
New York Yankees September 8, 1940 Joe Gordon
7%
St. Louis Cardinals June 27, 1973 Joe Torre
7%
Pittsburgh Pirates September 28, 2016 John Jaso
7%
St. Louis Cardinals July 13, 1940 Johnny Mize
7%
Baltimore Orioles August 5, 2019 Jonathan Villar
7%
New York Mets June 21, 2006 José Reyes
7%
Brooklyn Gladiators July 18, 1890 Jumbo Davis
7%
Toronto Blue Jays April 16, 1989 Kelly Gruber
7%
Cleveland Indians June 4, 1952 Larry Doby
7%
Boston Red Sox July 3, 1943 Leon Culberson
7%
Philadelphia Athletics July 30, 1883 Lon Knight
7%
St. Louis Cardinals May 27, 1975 Lou Brock
7%
Houston Astros July 28, 2006 Luke Scott
7%
Oakland Athletics June 4, 2007 Mark Ellis
7%
San Diego Padres August 14, 2015 Matt Kemp
7%
New York Mets June 25, 1976 Mike Phillips
7%
Philadelphia Athletics July 30, 1901 Nap Lajoie
7%
Colorado Rockies July 25, 1998 Neifi Pérez
7%
San Francisco Giants September 15, 2011 Pablo Sandoval
7%
Louisville Colonels August 8, 1886 Pete Browning
7%
Louisville Colonels June 7, 1889 Pete Browning
7%
Cleveland Indians July 2, 2016 Rajai Davis
7%
Chicago Cubs August 11, 1966 Randy Hundley
7%
St. Louis Cardinals September 15, 1991 Ray Lankford
7%
Kansas City Cowboys June 13, 1888 Sam Barkley
7%
St. Louis Brown Stockings April 30, 1887 Tip O'Neill
7%
St. Louis Brown Stockings May 7, 1887 Tip O'Neill
7%
New York Yankees September 3, 1995 Tony Fernández
7%
Oakland Athletics May 16, 1986 Tony Phillips
7%
Cleveland Indians August 14, 2003 Travis Hafner
7%
St. Louis Cardinals June 23, 1984 Willie McGee
7%
Milwaukee Brewers September 12, 1891 Abner Dalrymple
0%
New York Mets July 3, 1996 Alex Ochoa
0%
Texas Rangers September 23, 2013 Alex Ríos
0%
Cleveland Indians April 22, 1978 Andre Thornton
0%
Houston Astros August 25, 1992 Andújar Cedeño
0%
St. Louis Browns April 17, 1924 Baby Doll Jacobson
0%
Texas Rangers July 16, 2010 Bengie Molina
0%
New York Highlanders July 25, 1912 Bert Daniels
0%
Cincinnati Red Stockings August 26, 1887 Bid McPhee
0%
Washington Senators June 13, 1894 Bill Hassamaer
0%
Washington Senators May 30, 1896 Bill Joyce
0%
Pittsburgh Pirates August 4, 1945 Bill Salkeld
0%
Toledo Maumees July 5, 1890 Bill Van Dyke
0%
Boston Red Sox May 17, 1944 Bobby Doerr
0%
Boston Red Sox May 13, 1947 Bobby Doerr
0%
New York Yankees August 29, 1972 Bobby Murcer
0%
Detroit Tigers September 17, 1920 Bobby Veach
0%
Detroit Tigers September 26, 1926 Bob Fothergill
0%
Montreal Expos June 24, 2003 Brad Wilkerson
0%
Washington Nationals April 6, 2005 Brad Wilkerson
0%
San Francisco Giants May 4, 1987 Candy Maldonado
0%
Detroit Tigers August 1, 2006 Carlos Guillén
0%
Houston Astros August 2, 1972 César Cedeño
0%
Houston Astros August 9, 1976 César Cedeño
0%
Minnesota Twins September 19, 1972 César Tovar
0%
Milwaukee Brewers April 27, 2004 Chad Moeller
0%
St. Louis Cardinals August 21, 1930 Chick Hafey
0%
New York Giants June 10, 1912 Chief Meyers
0%
Philadelphia Athletics September 23, 1886 Chippy McGarr
0%
Los Angeles Angels of Anaheim September 16, 2006 Chone Figgins
0%
Montreal Expos July 20, 1978 Chris Speier
0%
San Francisco Giants July 9, 1988 Chris Speier
0%
St. Louis Cardinals June 13, 1918 Cliff Heathcote
0%
Washington Nationals August 28, 2008 Cristian Guzmán
0%
Buffalo Bisons May 25, 1882 Curry Foley
0%
California Angels August 10, 1979 Dan Ford
0%
New York Giants June 1, 1921 Dave Bancroft
0%
New York Metropolitans June 12, 1885 Dave Orr
0%
New York Metropolitans August 10, 1887 Dave Orr
0%
Philadelphia Athletics June 10, 1934 Doc Cramer
0%
New York Giants July 11, 1954 Don Mueller
0%
Boston Beaneaters June 20, 1904 Duff Cooley
0%
Cleveland Indians August 17, 1933 Earl Averill
0%
Washington Senators September 30, 1895 Ed Cartwright
0%
Pittsburgh Rebels May 6, 1914 Ed Lennox
0%
Philadelphia Athletics August 2, 1950 Elmer Valo
0%
Oakland Athletics June 29, 2003 Eric Byrnes
0%
New York Mets July 29, 2004 Eric Valent
0%
New York Giants May 8, 1930 Freddie Lindstrom
0%
Kansas City Royals July 9, 1971 Freddie Patek
0%
St. Louis Maroons May 24, 1886 Fred Dunlap
0%
Pittsburgh Pirates August 25, 1989 Gary Redus
0%
New York Giants September 17, 1920 George Burns
0%
Milwaukee Brewers September 3, 2011 George Kottaras
0%
St. Louis Browns July 19, 1941 George McQuinn
0%
St. Louis Browns August 8, 1920 George Sisler
0%
St. Louis Browns August 13, 1921 George Sisler
0%
Brooklyn Dodgers June 25, 1949 Gil Hodges
0%
Washington Senators August 28, 1924 Goose Goslin
0%
Arizona Diamondbacks September 18, 2002 Greg Colbrunn
0%
Philadelphia Phillies August 25, 1995 Gregg Jefferies
0%
Cincinnati Reds June 8, 1940 Harry Craft
0%
New York Giants June 15, 1940 Harry Danning
0%
Philadelphia Athletics May 15, 1888 Harry Stovey
0%
Cincinnati Reds July 5, 1915 Heinie Groh
0%
Chicago Cubs April 22, 1980 Iván DeJesús
0%
Chicago White Sox September 24, 1977 Jack Brohamer
0%
Indianapolis Hoosiers August 8, 1889 Jack Glasscock
0%
Detroit Wolverines August 21, 1886 Jack Rowe
0%
Cleveland Indians June 14, 2019 Jake Bauers
0%
Minnesota Twins April 17, 2009 Jason Kubel
0%
Anaheim Angels August 25, 2004 Jeff DaVanon
0%
Toronto Blue Jays August 17, 2001 Jeff Frye
0%
St. Louis Cardinals July 15, 1927 Jim Bottomley
0%
Los Angeles Angels July 28, 1964 Jim Fregosi
0%
California Angels May 20, 1968 Jim Fregosi
0%
New York Mets August 7, 1963 Jim Hickman
0%
Brooklyn Robins May 25, 1922 Jimmy Johnston
0%
Chicago White Stockings July 28, 1888 Jimmy Ryan
0%
Chicago Colts July 1, 1891 Jimmy Ryan
0%
Buffalo Bisons June 16, 1884 Jim O'Rourke
0%
Milwaukee Brewers May 8, 2010 Jody Gerut
0%
St. Louis Cardinals June 29, 1935 Joe Medwick
0%
St. Louis Cardinals May 18, 1996 John Mabry
0%
Kansas City Royals August 5, 1977 John Mayberry
0%
Boston Doves April 26, 1907 Johnny Bates
0%
Philadelphia Phillies June 27, 1963 Johnny Callison
0%
New York Mets September 11, 1997 John Olerud
0%
Seattle Mariners June 16, 2001 John Olerud
0%
Boston Red Sox June 6, 1996 John Valentin
0%
Chicago White Sox April 27, 2000 José Valentín
0%
St. Louis Cardinals September 14, 1961 Ken Boyer
0%
St. Louis Cardinals June 16, 1964 Ken Boyer
0%
New York Mets August 1, 1989 Kevin McReynolds
0%
Pittsburgh Pirates June 4, 1925 Kiki Cuyler
0%
Minnesota Twins June 4, 1976 Larry Hisle
0%
Cleveland Spiders August 15, 1889 Larry Twitchell
0%
Philadelphia Phillies April 24, 1894 Lave Cross
0%
Chicago Cubs July 2, 1957 Lee Walls
0%
Boston Red Sox July 13, 1962 Lou Clinton
0%
Minnesota Twins July 24, 1976 Lyman Bostock
0%
St. Louis Cardinals April 27, 2005 Mark Grudzielanek
0%
Atlanta Braves August 14, 2008 Mark Kotsay
0%
Texas Rangers August 17, 2004 Mark Teixeira
0%
Pittsburgh Pirates June 20, 1925 Max Carey
0%
Tampa Bay Rays October 2, 2009 Melvin Upton Jr.
0%
Minnesota Twins May 22, 2009 Michael Cuddyer
0%
Colorado Rockies August 17, 2014 Michael Cuddyer
0%
Philadelphia Athletics July 22, 1932 Mickey Cochrane
0%
Philadelphia Athletics August 2, 1933 Mickey Cochrane
0%
Washington Senators May 19, 1946 Mickey Vernon
0%
Oakland Athletics May 18, 1998 Mike Blowers
0%
Minnesota Twins July 27, 1978 Mike Cubbage
0%
Pittsburgh Pirates June 12, 1980 Mike Easler
0%
Boston Red Sox September 14, 1988 Mike Greenwell
0%
Milwaukee Brewers September 3, 1976 Mike Hegan
0%
Colorado Rockies June 18, 2000 Mike Lansing
0%
New York Giants August 25, 1888 Mike Tiernan
0%
New York Giants June 28, 1890 Mike Tiernan
0%
Boston Red Sox August 19, 1934 Moose Solters
0%
Detroit Wolverines September 28, 1885 Mox McQuery
0%
Texas Rangers July 23, 1985 Oddibe McDowell
0%
Cleveland Indians July 12, 1938 Odell Hale
0%
Los Angeles Dodgers April 13, 2009 Orlando Hudson
0%
St. Louis Browns May 23, 1929 Oscar Melillo
0%
Washington Senators October 2, 1908 Otis Clymer
0%
Brooklyn Bridegrooms August 1, 1890 Oyster Burns
0%
Boston Red Sox July 29, 1903 Patsy Dougherty
0%
Pittsburgh Pirates July 7, 1923 Pie Traynor
0%
Philadelphia Athletics August 6, 1933 Pinky Higgins
0%
San Francisco Giants August 15, 2005 Randy Winn
0%
Chicago White Sox June 27, 1922 Ray Schalk
0%
Boston Red Sox September 18, 1985 Rich Gedman
0%
Pittsburgh Pirates June 9, 1974 Richie Zisk
0%
New York Giants July 21, 1890 Roger Connor
0%
New York Giants April 29, 1922 Ross Youngs
0%
Boston Red Sox July 21, 1925 Roy Carlyle
0%
Chicago Cubs June 28, 1950 Roy Smalley
0%
Philadelphia Athletics May 5, 1939 Sam Chapman
0%
New York Giants May 24, 1936 Sam Leslie
0%
New York Giants October 4, 1904 Sam Mertes
0%
Boston Red Sox April 12, 1994 Scott Cooper
0%
New York Mets April 27, 2012 Scott Hairston
0%
Texas Rangers July 21, 2015 Shin-Soo Choo
0%
Arizona Diamondbacks September 1, 2008 Stephen Drew
0%
Montreal Expos April 22, 1976 Tim Foli
0%
New York Mets July 6, 1970 Tommie Agee
0%
St. Louis Brown Stockings August 16, 1895 Tommy Dowd
0%
Cincinnati Reds September 28, 1894 Tom Parrott
0%
Cleveland Indians July 2, 1970 Tony Horton
0%
New York Yankees June 3, 1932 Tony Lazzeri
0%
Detroit Tigers July 28, 1993 Travis Fryman
0%
Detroit Tigers September 14, 1947 Vic Wertz
0%
Pittsburgh Pirates July 30, 1948 Wally Westlake
0%
Pittsburgh Pirates June 14, 1949 Wally Westlake
0%
San Diego Padres April 10, 2017 Wil Myers
0%
No matching quizzes found
Score Distribution
Percent of People with Each Score
Percentile by Number Answered
Your Score History
You have not taken this quiz since the last reset